000 01094cam a2200229 4500
001 ABS65435
008 020424n2002 000 0 eng u
035 _a(Sirsi) u117652
100 _aEllison, W
245 _aAll part of the plan
260 _c2002
490 _aEstates Gazette
_v(0215) 13 April 2002, 122-123(2)
520 _aDiscusses the recent trend of surveying firms widening their range of services by employing in-house architects. Provides accounts from surveyors and architects on the advantages and practicalities of combining architecture with surveying. While some believe that the best way to satisfy client's needs is to have fully functioning architects in house, others argue that clients are better off assembling their own team and see in-house architects fulfilling a more limited role.
590 _aABS
650 _aSURVEYING FIRMS
650 _aARCHITECTURE
650 _aARCHITECTS
650 _aBUILT ENVIRONMENT-CONSTRUCTION DESIGN
650 _aSURVEYING SERVICES
690 _aMANAGEMENT-BUSINESS MANAGEMENT-PROFESSIONAL PRACTICE
942 _n0
999 _c70054
_d70054